000 00694nam a22002531 4500
001 sa 68006807
003 DLC
005 20260227112519.0
008 710915s1968 ii 00000 eng
010 _asa 68006807
025 _aPL480:I-E-10044
043 _aa-ii---
050 0 _aHG3285
_b.B3
082 _a338.9
100 1 0 _aBanerjee, Gobinda Lall.
245 1 0 _aNationalisation and social control of banks.
250 _a[1st ed.]
260 0 _aCalcutta,
_bFirma K. L. Mukhopadhyay,
_c1968.
300 _a51 p.
_c22 cm.
350 _aRs2
650 0 _aBanks and banking
_xGovernment ownership
_zIndia.
651 0 _aIndia
_xEconomic policy.
650 0 _aNational income
_zIndia.
999 _c81547
_d81547